Jubileumi nemzetközi közlekedési konferencia
Elmentve itt :
| Dokumentumtípus: | Cikk |
|---|---|
| Megjelent: |
2009-01-29
|
| Sorozat: | Délmagyarország
99 No. 24 |
| Kulcsszavak: | Szeged, Eseménynaptár Szeged 2009. 01., X. Nemzetközi Közlekedési Konferencia (Szeged) |
| Online Access: | http://dmarchiv.bibl.u-szeged.hu/141238 |
| LEADER | 00494nab a2200145 i 4500 | ||
|---|---|---|---|
| 001 | delm141238 | ||
| 005 | 20200213090159.0 | ||
| 008 | 200213s2009 hu o 0|| hun d | ||
| 040 | |a SZTE Délmagyarország Archívum |b hun | ||
| 041 | |a hun | ||
| 245 | 0 | 0 | |a Jubileumi nemzetközi közlekedési konferencia |h [elektronikus dokumentum] |
| 260 | |c 2009-01-29 | ||
| 300 | |a 3 | ||
| 490 | 0 | |a Délmagyarország |v 99 No. 24 | |
| 695 | |a Szeged, Eseménynaptár Szeged 2009. 01., X. Nemzetközi Közlekedési Konferencia (Szeged) | ||